Tradable landfill permits consultation (Record no. 66553)

MARC details
000 -LEADER
fixed length control field 00859cam a2200205 4500
001 - CONTROL NUMBER
control field WB3713-40
008 - FIXED-LENGTH DATA ELEMENTS--GENERAL INFORMATION
fixed length control field 000000n2001 000 0 eng u
035 ## - SYSTEM CONTROL NUMBER
System control number (Sirsi) u111709
245 ## - TITLE STATEMENT
Title Tradable landfill permits consultation
260 ## - PUBLICATION, DISTRIBUTION, ETC.
Date of publication, distribution, etc. 2001
490 ## - SERIES STATEMENT
Series statement DETR Press Release
Volume/sequential designation (185) 27 March 2001, (2)
520 ## - SUMMARY, ETC.
Summary, etc. A consultation paper is issued to help ensure that landfill waste in England and Wales is cut by almost two-thirds. This follows EU rules that say that by 2020 the amount of biodegradable waste must by cut to 35% of 1995 levels. Available at www.environment.detr.gov.uk/consult.htm Responses by 21 June 2001.
590 ## - LOCAL NOTE (RLIN)
Local note WB
650 ## - SUBJECT ADDED ENTRY--TOPICAL TERM
Topical term or geographic name entry element LANDFILL WASTE
650 ## - SUBJECT ADDED ENTRY--TOPICAL TERM
Topical term or geographic name entry element CONSULTATION PAPER
650 ## - SUBJECT ADDED ENTRY--TOPICAL TERM
Topical term or geographic name entry element EU RULING
650 ## - SUBJECT ADDED ENTRY--TOPICAL TERM
Topical term or geographic name entry element BIODEGRADABLE WASTE
690 ## - LOCAL SUBJECT ADDED ENTRY--TOPICAL TERM (OCLC, RLIN)
Topical term or geographic name as entry element ENVIRONMENTAL AND LAND CONSULTANCY-WASTE MANAGEMENT
942 ## - ADDED ENTRY ELEMENTS (KOHA)
Suppress in OPAC 0
Holdings
Withdrawn status Lost status Source of classification or shelving scheme Damaged status Not for loan Home library Current library Shelving location Date acquired Total Checkouts Full call number Barcode Date last seen Copy number Price effective from Koha item type
    Dewey Decimal Classification     London London News article 29/03/2001   WB3713-40 111709-1001 06/08/2019 1 06/08/2019 News article